¿Quién cuida en la ciudad? (Registro nro. 3915)

Detalles MARC
000 -LEADER
fixed length control field 02567 a2200241 4500
001 - CONTROL NUMBER
control field 45151
005 - DATE AND TIME OF LATEST TRANSACTION
control field 20260407155726.0
008 - FIXED-LENGTH DATA ELEMENTS--GENERAL INFORMATION
fixed length control field 260407a2017 arg spa d
003 - CONTROL NUMBER IDENTIFIER
control field AR-UNSa-BCEJYS
040 ## - CATALOGING SOURCE
Original cataloging agency AR-UNSa-BCEJYS
Language of cataloging spa
Transcribing agency AR-UNSa-BCEJYS
080 ## - UNIVERSAL DECIMAL CLASSIFICATION NUMBER
Universal Decimal Classification number 342.7-055.2
Common auxiliary subdivision Derechos de las Mujeres
020 ## - INTERNATIONAL STANDARD BOOK NUMBER
International Standard Book Number 978-92-1-121970-8
041 ## - LANGUAGE CODE
Language code of text/sound track or separate title spa
100 1# - MAIN ENTRY--PERSONAL NAME
Personal name Segovia, Olga
245 10 - TITLE STATEMENT
Title ¿Quién cuida en la ciudad?
Name of part/section of a work aportes para políticas urbanas de igualdad
264 #1 - PRODUCTION, PUBLICATION, DISTRIBUTION, MANUFACTURE, AND COPYRIGHT NOTICE
Place of production, publication, distribution, manufacture Santiago de Chile :
Name of producer, publisher, distributor, manufacturer CEPAL (Comisión Económica para América Latina y el Caribe)
Date of production, publication, distribution, manufacture, or copyright notice 2017
300 ## - PHYSICAL DESCRIPTION
Extent 470 p.
Dimensions 22 cm.
505 ## - FORMATTED CONTENTS NOTE
Formatted contents note Parte 1. Habitar la ciudad con igualdad de género -- Capítulo I. ¿Cómo vivimos la ciudad? Hacia un nuevo paradigma urbano para la igualdad de género / Olga Segovia, María Nieves Rico -- Capítulo II. Urbanización e igualdad: dos dimensiones clave para el desarrollo sostenible de América Latina / Antonio Prado, Vera Kiss .-- Capítulo III. Ciudades que cuidan / María Ángeles Durán .-- Capítulo IV. La distribución del tiempo en el análisis de las desigualdades en las ciudades de América Latina / Lucía Scuro, Iliana Vaca-Trigo --- Parte 2. Autonomía económica de las mujeres y cuidado en ciudades latinoamericanas .-- Capítulo V. ¿Quién cuida en la Ciudad de México?, México / Lucía Pérez Fragoso .-- Capitulo VI. Cuidado para la gestión: Nueva Cultura Laboral con perspectiva de género en la Ciudad de México / Amalia García Medina .-- Capítulo VII. ¿Quién cuida en Montevideo?, Uruguay / Karina Batthyány .-- Capítulo VIII. ¿Quién cuida en Santiago?, Chile / Olga Segovia .-- Capítulo IX. ¿Quién cuida en Bogotá?, Colombia / Marisol Dalmazzo Peillard .-- Capítulo X. ¿Quién cuida en San Salvador?, El Salvador / Morena Herrera .-- Capítulo XI. ¿Quién cuida en Cuenca?, Ecuador / Verónica Aranda .-- Capítulo XII. ¿Quién cuida en Rosario?, Argentina / Ana Falú --- Parte 3. Desafíos para la vida cotidiana: movilidad urbana y uso del tiempo .-- Capítulo XIII. Planifcación urbana y del transporte a partir de relaciones de interdependencia y movilidad del cuidado / Paola Jirón .-- Capítulo XIV. Movilidades invisibles: recorridos escolares en la región metropolitana de Buenos Aires / Laura Pautassi .-- Capítulo XV. Hacia ciudades cuidadoras / María Nieves Rico, Olga Segovia.
590 ## - LOCAL NOTE (RLIN)
Local note niveau_biblio:m niveau_hierar:0
700 1# - ADDED ENTRY--PERSONAL NAME
Personal name Nieves Rico, María
856 41 - ELECTRONIC LOCATION AND ACCESS
Uniform Resource Identifier <a href="https://www.biblioeco.unsa.edu.ar/pmb/images/libros/L127081.jpg">https://www.biblioeco.unsa.edu.ar/pmb/images/libros/L127081.jpg</a>
Link text Imagen de portada
Electronic format type image/jpeg
942 ## - ADDED ENTRY ELEMENTS (KOHA)
Koha item type
Existencias
Withdrawn status Lost status Damaged status Not for loan Home library Current library Shelving location Date acquired Total checkouts Full call number Barcode Date last seen Price effective from Koha item type
        Biblioteca Prof. Eusebio Cleto del Rey Biblioteca Prof. Eusebio Cleto del Rey   07/04/2026   342.7-055.2 N665 L127081 07/04/2026 07/04/2026 Libro